01221nam a22003257a 4500003000500000005001700005008004100022010001000063011001000073035001000083040000900093082002000102100002300122245009500145260004400240300001100284590004100295590004100336590004100377590004100418590004200459650007300501650002900574650002000603901000700623942001000630949008800640999001700728952015000745CHAP20220329135843.0971013s1991 r 00010 d a43334 a44306 a48444 cCHAP a338.1091724bG500aGill, G. J.948006 aSeasonality and agriculture in the developing worldb: a problem of the poor and powerless aNew York :bCambridge University,c1991 a343 p. aBATCH-UPDb10c20130110lUCH01h0017 aBATCH-UPDb10c20130110lUCH01h1512 aBATCH-UPDb10c20130409lUCH01h1956 aBATCH-UPDb10c20130913lUCH01h2019 aCONVERSIONb10c20130109lUCH01h132414aAgriculturaxAspectos económicosxPaíses subdesarrollados.9128114aCultivos y clima.93039214aPobreza.989463 aBK cLIBRO a338.1091724 G5bBCcLIBROd33724000009387eLIBROgI.176618h89152i48444sit302.50 c43334d43334 00102ddc4052708GRALaBCbBCcPA_GRALd2019-12-31eI.176618fLIBROl0o338.1091724 G5p33724000009387r2019-12-31 00:00:00w2019-12-31yLIBRO